La orden bizantina de San Eugenio de Trebizonda por Juan Arcadio Láscaris Gomneno (Record no. 197210)

MARC details
000 -LEADER
campo de control de longitud fija 01901nim a2200373 i 4500
001 - NÚMERO DE CONTROL
campo de control 197210
003 - IDENTIFICADOR DE NÚMERO DE CONTROL
campo de control ES-MaACL
005 - FECHA Y HORA DE LA ÚLTIMA TRANSACCIÓN
campo de control 20250828062559.0
007 - CAMPO FIJO DE DESCRIPCIÓN FÍSICA--INFORMACIÓN GENERAL
campo de control de longitud fija ss lsnjlcipnne
008 - DATOS DE LONGITUD FIJA--INFORMACIÓN GENERAL
campo de control de longitud fija 250424s1990 sp nnnn |||| 00| spa d
040 ## - FUENTE DE CATALOGACIÓN
Lengua de catalogación spa
Centro/agencia transcriptor ES-MaACL
100 1# - ENTRADA PRINCIPAL--NOMBRE DE PERSONA
Nombre de persona Lascaris, Juan Arcadio
9 (RLIN) 70424
Término indicativo de función/relación Autor
245 ## - MENCIÓN DEL TÍTULO
Título La orden bizantina de San Eugenio de Trebizonda por Juan Arcadio Láscaris Gomneno
Medio [Grabación sonora] :
Resto del título conferencia /
Mención de responsabilidad, etc. presenta José María de Montells y Galán ; modera, Fernando de Arco García.
260 ## - PUBLICACIÓN, DISTRIBUCIÓN, ETC.
Lugar de publicación, distribución, etc. Madrid :
Nombre del editor, distribuidor, etc. Ateneo de Madrid,
Fecha de publicación, distribución, etc. 1990.
300 ## - DESCRIPCIÓN FÍSICA
Extensión 1 casete (ca. 90 min) :
Otras características físicas son ;
Dimensiones 11 cm
490 1# - MENCIÓN DE SERIE
Materiales especificados Actos culturales en el Ateneo de Madrid
518 ## - NOTA DE FECHA/HORA Y LUGAR DE UN ACONTECIMIENTO
Nota de fecha/hora y lugar de un acontecimiento Grabado el 23 de mayo de 1990 en el Salón de Actos del Ateneo de Madrid.
520 ## - RESUMEN, ETC.
Sumario, etc. Presentación de la colección Biblioteca Universitaria con la conferencia "La orden bizantina de San Eugenio de Trebizonda", por Juan Arcadio Láscaris Gomneno. Presenta José María de Montells y Galán: modera Fernando de Arco García, director de Actos Culturales y Publicaciones de la Agrupación. <br/>
540 ## - NOTA DE CONDICIONES DE USO Y REPRODUCCIÓN
Condiciones de uso y reproducción Documento inédito
594 ## - Nota al título y mención de responsabilidad
a Datos basados en la invitación.
610 20 - PUNTO DE ACCESO ADICIONAL DE MATERIA--NOMBRE DE ENTIDAD CORPORATIVA
Nombre de entidad corporativa o nombre de jurisdicción como elemento de entrada Ateneo de Madrid-
Subdivisión general Actos culturales-
Subdivisión cronológica 1990-
Subdivisión de forma Grabaciones sonoras
9 (RLIN) 240083
650 #4 - PUNTO DE ACCESO ADICIONAL DE MATERIA--TÉRMINO DE MATERIA
9 (RLIN) 13603
Término de materia o nombre geográfico como elemento de entrada Imperio bizantino-
Subdivisión general Historia
653 ## - TÉRMINO DE INDIZACIÓN--NO CONTROLADO
Término no controlado Archivo de la palabra
655 #0 - TERMINO DE INDIZACIÓN--GENERO/FORMA
Datos o término principal de género/forma Conferencias
9 (RLIN) 234444
700 0# - ENTRADA AGREGADA--NOMBRE PERSONAL
Nombre de persona Montells y Galán, José María de
Término indicativo de función/relación presentador
9 (RLIN) 82449
700 1# - ENTRADA AGREGADA--NOMBRE PERSONAL
Nombre de persona Arco y García, Fernando del,
Término indicativo de función/relación Moderador
9 (RLIN) 22508
Fechas asociadas al nombre 1923-2020
710 2# - ENTRADA AGREGADA--NOMBRE DE ENTIDAD CORPORATIVA
9 (RLIN) 1875
Nombre de entidad corporativa o nombre de jurisdicción como elemento de entrada Ateneo de Madrid
Término indicativo de función/relación Sede
710 2# - ENTRADA AGREGADA--NOMBRE DE ENTIDAD CORPORATIVA
9 (RLIN) 1277
Nombre de entidad corporativa o nombre de jurisdicción como elemento de entrada Agrupación Ateneísta de Estudios Vexilológicos, Heráldicos y Genealógicos (Madrid)
Término indicativo de función/relación Colaborador
830 #0 - PUNTO DE ACCESO ADICIONAL DE SERIE-TÍTULO UNIFORME
Título uniforme Actos culturales en el Ateneo de Madrid
9 (RLIN) 240237
852 ## - LOCALIZACIÓN
Ubicación ES-MaACL
Ubicación en estantería Depósito Z
itemnumber 205304
942 ## - ELEMENTOS DE ENTRADA SECUNDARIOS (KOHA)
Fuente del sistema de clasificación o colocación Clasificación decimal universal
Suprimir en OPAC No
Tipo de ítem Koha Casete
Holdings
Estatus retirado Estado de pérdida Fuente del sistema de clasificación o colocación Estado de daño No para préstamo Colección Biblioteca de origen Biblioteca actual Ubicación en estantería Fecha de adquisición Total de préstamos Signatura topográfica completa Código de barras Visto por última vez Precio de reemplazo Tipo de ítem Koha
    Clasificación decimal universal     Archivo de la palabra Biblioteca del Ateneo de Madrid Biblioteca del Ateneo de Madrid Depósito Z 08/05/2025   AP/1044 2025-0156 08/05/2025 08/05/2025 Casete